Nuevos avances en la investigación social. La investigación social de segundo orden

I tiakina i:
Ngā taipitopito rārangi puna kōrero
Kaituhi matua: Ibáñez Alonso, Jesús (Author)
Hōputu: Pukapuka
Reo:Pāniora
I whakaputaina: Barcelona Proyecto A 1998
Putanga:2a. ed
Rangatū:Cuadernos A, 8-9
Ngā marau:
Ngā Tūtohu: Tāpirihia he Tūtohu
Kāore He Tūtohu, Me noho koe te mea tuatahi ki te tūtohu i tēnei pūkete!

MARC

LEADER 00000nam a2200000 a 4500
001 UCL7073
003 CL-VaPUC
008 040430e19980000SP |||||||||||||||||spa|d
020 |a 8492243805 
020 |a 8492233583v.1 
020 |a 8492233591v.2 
082 0 4 |a 300.72  |b IBA  |2 21 
100 |a Ibáñez Alonso, Jesús  |e author  |9 570675 
245 1 0 |a Nuevos avances en la investigación social. La investigación social de segundo orden 
250 |a 2a. ed 
300 |a v 
942 |c BK 
945 |d 20040430 00:00:00  |a cmena 
260 |a Barcelona  |b Proyecto A  |c 1998 
650 0 |a Investigación social   |9 307814 
650 0 |a Métodos de investigación   |9 262618 
650 0 |a Ciencias sociales  |v Investigación  |9 307767 
583 |a last modification  |c 20040430 00:00:00  |k Rodrigo Vera 
490 0 |a Cuadernos A, 8-9 
999 |c 308936  |d 308934 
952 |0 0  |1 0  |4 0  |6 300_720000000000000_IBA_1998  |7 0  |8 A  |9 375919  |a BIBGIM  |b BIBGIM  |d 2019-11-21  |h v.1  |i 4012917  |o 300.72 IBA 1998  |p 4012917  |r 2025-01-15  |w 2019-11-21  |y BK  |k SSL 
952 |0 0  |1 0  |4 0  |6 300_720000000000000_IBA_1998  |7 0  |8 A  |9 375920  |a BIBGIM  |b BIBGIM  |d 2019-11-21  |h v.2  |i 4012925  |o 300.72 IBA 1998  |p 4012925  |r 2025-01-15  |w 2019-11-21  |y BK  |k SSL 
952 |0 0  |1 0  |4 0  |6 300_720000000000000_IBA_1998  |7 0  |8 A  |9 375921  |a BIBEDU  |b BIBEDU  |d 2019-11-21  |h v.1  |i 4020820  |o 300.72 IBA 1998  |p 4020820  |r 2019-11-21  |w 2019-11-21  |y BK  |k PSI 
952 |0 0  |1 0  |4 0  |6 300_720000000000000_IBA_1998  |7 0  |8 A  |9 375922  |a BIBEDU  |b BIBEDU  |d 2019-11-21  |h v.2  |i 4020790  |o 300.72 IBA 1998  |p 4020790  |r 2019-11-21  |w 2019-11-21  |y BK  |k PSI